Стратегическая гибкость: пер. с англ.

التفاصيل البيبلوغرافية
مؤلفون آخرون: Хэмел Г., Прахалад К., Томас Г., О'Нил Д.
الملخص:Невозможно отразить в одной книге все идеи, рожденные в сфере стратегического менеджмента, поэтому составители выбрали статьи, которые дают интересную основу для размышления в пяти ключевых стратегических сферах: инноваций, организации, управления, сотрудничества, компетенции. Книга предназначена для менеджеров высшего звена, специалистов, занимающихся стратегическим управлением, а также для научных работников, аспирантов и студентов экономических вузов.
اللغة:الروسية
منشور في: СПб., Питер, 2005
سلاسل:Теория менеджмента
الموضوعات:
التنسيق: كتاب
KOHA link:https://koha.lib.tpu.ru/cgi-bin/koha/opac-detail.pl?biblionumber=77448

MARC

LEADER 00000nam0a2200000 4500
001 77448
005 20231031092957.0
010 |a 5947235552 
035 |a (RuTPU)RU\TPU\book\83049 
090 |a 77448 
100 |a 20050520d2005 km y0rusy50 ca 
101 1 |a rus  |c eng 
102 |a RU 
105 |a a z 001zy 
200 1 |a Стратегическая гибкость  |e пер. с англ.  |f Г. Хэмел, К. Прахалад, Г. Томас, Д. О'Нил 
210 |a СПб.  |c Питер  |d 2005 
215 |a 381 с.  |c ил. 
225 1 |a Теория менеджмента 
320 |a Библиогр.: с. 357-381 
330 |a Невозможно отразить в одной книге все идеи, рожденные в сфере стратегического менеджмента, поэтому составители выбрали статьи, которые дают интересную основу для размышления в пяти ключевых стратегических сферах: инноваций, организации, управления, сотрудничества, компетенции. Книга предназначена для менеджеров высшего звена, специалистов, занимающихся стратегическим управлением, а также для научных работников, аспирантов и студентов экономических вузов. 
610 1 |a экономика 
610 1 |a управление 
610 1 |a менеджмент 
610 1 |a стратегический менеджмент 
610 1 |a инновации 
610 1 |a организации 
610 1 |a партнерство 
610 1 |a компетенция 
610 1 |a конкурентные преимущества 
686 |a У821  |v LBC/SL-A  |2 rubbk 
701 1 |a Хэмел  |b Г. 
701 1 |a Прахалад  |b К. 
701 1 |a Томас  |b Г. 
701 1 |a О'Нил  |b Д. 
801 1 |a RU  |b 63413507  |c 20050520  |g PSBO 
801 2 |a RU  |b 63413507  |c 20120621  |g PSBO 
942 |c BK